| 000 | 00959nam a2200301 4500 | ||
|---|---|---|---|
| 001 | 177867 | ||
| 003 | ES-MaACL | ||
| 005 | 20250718144853.0 | ||
| 008 | 110503s2010 sp cp |||| |cspa d | ||
| 017 | _aM.51.451-2009 | ||
| 020 | _a9788432209154 | ||
| 080 | _a343.54(460.235) | ||
| 080 | _a343.159(460.235 B.) | ||
| 100 | 1 |
_aGarcía Jaén, Braulio. _9146351 |
|
| 245 | 1 | 0 |
_aJusticia poética _b: el caso de dos condenados por la cara / _cBraulio García Jaén. |
| 250 | _a1ª ed. | ||
| 260 |
_aBarcelona : _bSeix Barral, _c2010. |
||
| 300 |
_a382 p. : _bretr. ; _c23 cm. |
||
| 490 | 1 | _aLos tres mundos | |
| 586 | _aPremio Crónicas Seix Barral | ||
| 650 | 7 |
_aDelitos sexuales- _zEspaña. _911563 |
|
| 650 | 0 | 4 |
_aError judicial- _zEspaña _912347 |
| 830 | 0 |
_aLos tres mundos _9179717 |
|
| 852 |
_aES-MaACL _9R.145711 _jA-11129 _dOlim:N-4134 _cDEPO1 |
||
| 942 |
_2udc _cMONOGRAFIA |
||
| 999 |
_c177867 _d177867 |
||